| 000 | 00986nac a22002891u 4500 | ||
|---|---|---|---|
| 003 | EG-ScBUE | ||
| 005 | 20211129121806.0 | ||
| 008 | 120829s2005 ua f 000 1f ara d | ||
| 017 | _a2004 / 20224 | ||
| 020 | _a9770911704 | ||
| 040 |
_aEG-ScBUE _bara _erda _cEG-ScBUE _dEG-ScBUE |
||
| 082 | 0 | 4 |
_a892.736 _bأ ص ل _222 |
| 100 | 1 |
_aأصلان، إبراهيم، _d1935-2012، _eمؤلف. _928155 |
|
| 245 | 1 | 0 |
_aبحيرة المساء / _cإبراهيم أصلان. |
| 250 | _aالطبعة الأولى. | ||
| 264 | 1 |
_aالقاهرة : _bدار الشروق، _c2005. |
|
| 300 |
_a131 صفحة ؛ _c20 سم |
||
| 336 |
_2rdacontent _aنص _btxt |
||
| 337 |
_2rdamedia _aبدون وسيط _bn |
||
| 338 |
_2rdacarrier _aمجلد _bnc |
||
| 500 | _aيشتمل على كشافات. | ||
| 650 | 7 |
_aالقصص العربية _zمصر _yقرن 20. _98441 _2BUEsh |
|
| 651 | _2BUEsh | ||
| 653 |
_bARALIT _cNovember2021 |
||
| 655 |
_vReading book _934232 |
||
| 942 |
_cBB _k892.736 أ ص ل _2ddc |
||
| 999 |
_c5773 _d5773 |
||